[Event "First Saturday GM March 2014"]
[Site "Budapest"]
[Date "2014.03.01"]
[Round "1.1"]
[White "Korpa, Bence"]
[Black "Wang, Puchen"]
[Result "1/2-1/2"]
[WhiteElo "2421"]
[BlackElo "2470"]
[PlyCount "83"]
[EventDate "2014.03.01"]

1. c4 c5 2. Nc3 Nc6 3. Nf3 g6 4. e3 Bg7 5. d4 d6 6. d5 Ne5 7. Nxe5 Bxe5 8. Bd3
Bg7 9. O-O Nf6 10. e4 O-O 11. h3 a6 12. a4 e5 13. dxe6 Bxe6 14. f4 Bd7 15. a5
Bc6 16. Nd5 Re8 17. Qc2 Nd7 18. Bd2 Bxd5 19. exd5 f5 20. Rae1 Bd4+ 21. Kh2 Nf6
22. Rxe8+ Qxe8 23. Re1 Qd7 24. b4 Re8 25. b5 Rxe1 26. Bxe1 Qe7 27. Qe2 Kf8 28.
Qxe7+ Kxe7 29. bxa6 bxa6 30. Bc2 Bb2 31. Ba4 Ba3 32. Bh4 Bb4 33. Bb5 Bxa5 34.
Bxa6 Bc3 35. Bc8 h5 36. Kg1 Kf8 37. Kf2 Ne4+ 38. Ke2 Bf6 39. Be1 Bc3 40. Bh4
Bf6 41. Be1 Bc3 42. Bh4 1/2-1/2

[Event "First Saturday GM March 2014"]
[Site "Budapest"]
[Date "2014.03.01"]
[Round "1.2"]
[White "Kosic, Dragan"]
[Black "Farago, Ivan"]
[Result "1/2-1/2"]
[WhiteElo "2493"]
[BlackElo "2462"]
[PlyCount "28"]
[EventDate "2014.03.01"]

1. d4 Nf6 2. c4 e6 3. Nf3 b6 4. g3 Ba6 5. Qa4 Bb7 6. Bg2 c5 7. dxc5 bxc5 8. O-O
Be7 9. Rd1 O-O 10. Bf4 Qb6 11. Rd2 Rd8 12. Nc3 Nc6 13. Rad1 h6 14. h3 a6
1/2-1/2

[Event "First Saturday GM March 2014"]
[Site "Budapest"]
[Date "2014.03.01"]
[Round "1.3"]
[White "Turov, Maxim"]
[Black "Korley, Kassa"]
[Result "1-0"]
[WhiteElo "2594"]
[BlackElo "2352"]
[PlyCount "73"]
[EventDate "2014.03.01"]

1. d4 Nf6 2. c4 e6 3. Nc3 d5 4. cxd5 Nxd5 5. Nf3 c5 6. e3 Be7 7. Bd3 Nc6 8. O-O
O-O 9. Re1 Nxc3 10. bxc3 b6 11. Bb2 Bb7 12. Qe2 Rc8 13. Rad1 Qc7 14. Bb1 Na5
15. e4 cxd4 16. cxd4 Bb4 17. Rf1 Qe7 18. Ne5 f6 19. Ng4 Nc4 20. Ba1 Na3 21. Bd3
Bc3 22. Bxc3 Rxc3 23. Ne3 b5 24. d5 b4 25. Ba6 Bxa6 26. Qxa6 Nc2 27. Nxc2 Rxc2
28. dxe6 Re8 29. Rd7 Qxe6 30. Qxa7 Qg4 31. h3 Qg6 32. Rfd1 Re2 33. R1d3 Re1+
34. Kh2 Qh6 35. Rg3 g6 36. Rg4 Re2 37. Qd4 1-0

[Event "First Saturday GM March 2014"]
[Site "Budapest"]
[Date "2014.03.01"]
[Round "1.4"]
[White "Benkovic, Petar"]
[Black "Havasi, Gergo"]
[Result "1-0"]
[WhiteElo "2434"]
[BlackElo "2274"]
[PlyCount "101"]
[EventDate "2014.03.01"]

1. Nf3 Nf6 2. c4 g6 3. Nc3 Bg7 4. e4 d6 5. d4 O-O 6. Be2 e5 7. O-O Nc6 8. d5
Ne7 9. Ne1 Ne8 10. Nd3 f5 11. Bd2 Nf6 12. f3 f4 13. c5 g5 14. Rc1 Ng6 15. cxd6
cxd6 16. Nf2 Rf7 17. Qb3 Bf8 18. Nb5 h5 19. h3 a6 20. Nc7 Rxc7 21. Ba5 Ne8 22.
Rxc7 Nxc7 23. Rc1 Qe8 24. Bxc7 Nh8 25. a4 Nf7 26. a5 Be7 27. Qb4 Qf8 28. Bd1
Nh6 29. Rc3 Qf6 30. Qb6 Nf7 31. Bb8 Rxb8 32. Qa7 Bd8 33. Qxb8 Bd7 34. Qxb7 Bb5
35. Rc8 Kg7 36. b4 Kg6 37. Rc6 g4 38. fxg4 f3 39. gxh5+ Kg5 40. Bxf3 Qf4 41.
Qc8 Bxc6 42. dxc6 Qc1+ 43. Nd1 Kh6 44. Qd7 Qc4 45. Ne3 Qc1+ 46. Kh2 Kg7 47. Nd5
Bg5 48. c7 Bf4+ 49. Nxf4 Qxf4+ 50. g3 Qxf3 51. Qg4+ 1-0

[Event "First Saturday GM March 2014"]
[Site "Budapest"]
[Date "2014.03.01"]
[Round "1.5"]
[White "Kantor, Gergely"]
[Black "Hujbert, Florian"]
[Result "1/2-1/2"]
[WhiteElo "2348"]
[BlackElo "2456"]
[PlyCount "51"]
[EventDate "2014.03.01"]

1. d4 e6 2. c4 Bb4+ 3. Bd2 a5 4. Nf3 d6 5. g3 Nc6 6. Bg2 e5 7. d5 Nce7 8. O-O
Nf6 9. Nc3 O-O 10. Ne1 Bf5 11. f3 c6 12. e4 Bc5+ 13. Kh1 Bd7 14. Nd3 Bd4 15.
Ne2 Ba7 16. Bc3 cxd5 17. cxd5 Ng6 18. Qd2 Bb6 19. a4 Re8 20. b3 Bc7 21. Nb2 b5
22. axb5 Bxb5 23. Ra3 h5 24. Rfa1 h4 25. Nc4 hxg3 26. hxg3 1/2-1/2

[Event "First Saturday GM March 2014"]
[Site "Budapest"]
[Date "2014.03.03"]
[Round "2.1"]
[White "Wang, Puchen"]
[Black "Hujbert, Florian"]
[Result "1/2-1/2"]
[WhiteElo "2470"]
[BlackElo "2456"]
[PlyCount "79"]
[EventDate "2014.03.01"]

1. d4 d6 2. e4 Nf6 3. Nc3 e5 4. dxe5 dxe5 5. Qxd8+ Kxd8 6. Bg5 Be6 7. O-O-O+
Nbd7 8. g3 h6 9. Bxf6+ gxf6 10. f4 exf4 11. gxf4 Bg4 12. Be2 h5 13. Nd5 Kc8 14.
Bxg4 hxg4 15. Ne2 Bc5 16. b4 Bf8 17. Rd4 c6 18. Ne3 a5 19. Rhd1 Nb6 20. Rd8+
Kc7 21. Rxa8 Nxa8 22. Nxg4 Bxb4 23. Rh1 f5 24. exf5 Rh4 25. h3 Nb6 26. c3 Bd6
27. Kd2 Nd5 28. c4 Bxf4+ 29. Nxf4 Nxf4 30. Ne5 Rh5 31. Rf1 Nxh3 32. Nxf7 Ng5
33. Nxg5 Rxg5 34. f6 Rg8 35. c5 Kd7 36. f7 Rf8 37. Kc3 Ke6 38. Kb3 Kd5 39. Rf5+
Ke6 40. Rf1 1/2-1/2

[Event "First Saturday GM March 2014"]
[Site "Budapest"]
[Date "2014.03.03"]
[Round "2.2"]
[White "Havasi, Gergo"]
[Black "Kantor, Gergely"]
[Result "0-1"]
[WhiteElo "2274"]
[BlackElo "2348"]
[PlyCount "92"]
[EventDate "2014.03.01"]

1. e4 c5 2. Nf3 e6 3. d4 cxd4 4. Nxd4 Nc6 5. Nb5 d6 6. c4 Nf6 7. N1c3 a6 8. Na3
Be7 9. Be2 O-O 10. O-O b6 11. Be3 Bb7 12. Qb3 Nd7 13. Rad1 Qc7 14. Rd2 Nc5 15.
Qd1 Rad8 16. Nab1 Ne5 17. f3 Rfe8 18. Kh1 Ncd7 19. b3 Bc6 20. Qc2 Qb8 21. a4
Nf6 22. Rfd1 Ng6 23. Bf1 h5 24. Ne2 h4 25. Nf4 Nxf4 26. Bxf4 Nh5 27. Be3 Bf6
28. Rd3 Rd7 29. Nc3 Qd8 30. Qf2 Be5 31. Bxb6 Qf6 32. Bd4 Nf4 33. R3d2 Rb8 34.
Rb1 Rdb7 35. Bxe5 Qxe5 36. Qd4 Rxb3 37. Rc1 Qxd4 38. Rxd4 Rxc3 39. Rxc3 Rb1 40.
h3 Rxf1+ 41. Kh2 Ne2 42. Rcd3 Nxd4 43. Rxd4 Rc1 44. Rxd6 Rxc4 45. Rd8+ Kh7 46.
Rc8 Kg6 0-1

[Event "First Saturday GM March 2014"]
[Site "Budapest"]
[Date "2014.03.03"]
[Round "2.3"]
[White "Korley, Kassa"]
[Black "Benkovic, Petar"]
[Result "1/2-1/2"]
[WhiteElo "2352"]
[BlackElo "2434"]
[PlyCount "75"]
[EventDate "2014.03.01"]

1. Nf3 Nf6 2. g3 d5 3. Bg2 c6 4. O-O Bg4 5. d4 Nbd7 6. c4 e6 7. b3 Be7 8. Bb2
O-O 9. Nbd2 a5 10. Ne5 Bf5 11. Nxd7 Qxd7 12. f3 c5 13. cxd5 exd5 14. dxc5 Bxc5+
15. Kh1 d4 16. Nc4 Rfe8 17. Rc1 b6 18. g4 Bg6 19. g5 Nh5 20. e4 Nf4 21. Qd2
Nxg2 22. Qxg2 a4 23. b4 a3 24. Ba1 b5 25. bxc5 bxc4 26. Rxc4 Qb5 27. Rfc1 Bh5
28. Rxd4 Rad8 29. Qd2 Bxf3+ 30. Kg1 Rc8 31. Qc3 Rxc5 32. Qxc5 Qe2 33. Qc2 Qe3+
34. Kf1 Bg4 35. Kg2 Bh3+ 36. Kh1 Qf3+ 37. Kg1 Qe3+ 38. Kh1 1/2-1/2

[Event "First Saturday GM March 2014"]
[Site "Budapest"]
[Date "2014.03.03"]
[Round "2.4"]
[White "Farago, Ivan"]
[Black "Turov, Maxim"]
[Result "1/2-1/2"]
[WhiteElo "2462"]
[BlackElo "2594"]
[PlyCount "56"]
[EventDate "2014.03.01"]

1. d4 Nf6 2. Nf3 e6 3. c4 Bb4+ 4. Bd2 a5 5. g3 d6 6. Bg2 Nbd7 7. O-O e5 8. dxe5
Nxe5 9. Nxe5 dxe5 10. Qa4+ Qd7 11. Qxd7+ Nxd7 12. Nc3 c6 13. a3 Bc5 14. Na4 Ba7
15. e3 Nb6 16. Nxb6 Bxb6 17. b4 axb4 18. axb4 Rxa1 19. Rxa1 Ke7 20. Bc3 f6 21.
c5 Bc7 22. Kf1 Rd8 23. Be4 g6 24. Ke1 f5 25. Bc2 e4 26. Bd4 Be6 27. Ra7 Rb8 28.
Kd2 Bd5 1/2-1/2

[Event "First Saturday GM March 2014"]
[Site "Budapest"]
[Date "2014.03.03"]
[Round "2.5"]
[White "Korpa, Bence"]
[Black "Kosic, Dragan"]
[Result "0-1"]
[WhiteElo "2421"]
[BlackElo "2493"]
[PlyCount "120"]
[EventDate "2014.03.01"]

1. c4 e6 2. Nf3 Nf6 3. g3 d5 4. b3 Be7 5. Bg2 O-O 6. O-O Ne4 7. Bb2 Bf6 8. d4
c5 9. e3 Nc6 10. Nc3 Nxc3 11. Bxc3 dxc4 12. bxc4 Bd7 13. Rc1 cxd4 14. exd4 Rc8
15. Qe2 Na5 16. Ne5 Ba4 17. d5 exd5 18. Bxd5 Nc6 19. Ng4 Bxc3 20. Rxc3 b5 21.
Qe4 Nb4 22. Ne3 Qf6 23. Ra3 Qb2 24. Rxa4 bxa4 25. Nf5 Rb8 26. Re1 Qf6 27. a3
Na2 28. Qf4 Nc3 29. Kg2 Kh8 30. Qg4 Nxd5 31. cxd5 Rb2 32. Qf4 g6 33. Ne7 Qxf4
34. gxf4 Rd8 35. f5 Kg7 36. Rd1 Rb6 37. Rc1 Rb7 38. Rc6 f6 39. d6 Rb6 40. Rc7
Rbxd6 41. fxg6 R6d7 42. Nf5+ Kxg6 43. Rc5 Rd3 44. Ra5 Rxa3 45. Ne7+ Kf7 46.
Rxa7 Ke6 47. Nc6 Rg8+ 48. Kf1 Ra1+ 49. Ke2 Rg2 50. Nd4+ Ke5 51. Rd7 Ra2+ 52.
Ke3 Rgxf2 53. Rxh7 a3 54. Ra7 Kd5 55. h4 Rh2 56. Ra6 Rh3+ 57. Nf3 Ra1 58. Ra5+
Kc4 59. Kf2 Kb4 60. Ra6 a2 0-1

[Event "First Saturday GM March 2014"]
[Site "Budapest"]
[Date "2014.03.04"]
[Round "3.1"]
[White "Kosic, Dragan"]
[Black "Wang, Puchen"]
[Result "0-1"]
[WhiteElo "2493"]
[BlackElo "2470"]
[PlyCount "80"]
[EventDate "2014.03.01"]

1. d4 Nf6 2. Nf3 g6 3. Bg5 Bg7 4. Nbd2 O-O 5. c3 d6 6. e4 h6 7. Bh4 c5 8. dxc5
dxc5 9. Qc2 Nc6 10. Rd1 Nh5 11. Nc4 Qc7 12. Ne3 e6 13. Be2 b6 14. O-O Bb7 15.
Rfe1 g5 16. Bg3 Nxg3 17. hxg3 Rad8 18. a4 Qe7 19. Nd2 Ne5 20. Ndc4 Nxc4 21.
Nxc4 Bc6 22. g4 Qc7 23. g3 Ba8 24. Bf3 a6 25. Qb3 Rb8 26. a5 b5 27. Nb6 Bc6 28.
Qa3 Qe7 29. Bg2 Rfd8 30. Nd5 Qf8 31. Nb6 Be5 32. Nd5 b4 33. cxb4 cxb4 34. Qb3
Bb5 35. f4 Bg7 36. Nb6 Qc5+ 37. Kh1 gxf4 38. gxf4 Qf2 39. f5 Be2 40. Rxd8+ Rxd8
0-1

[Event "First Saturday GM March 2014"]
[Site "Budapest"]
[Date "2014.03.04"]
[Round "3.2"]
[White "Turov, Maxim"]
[Black "Korpa, Bence"]
[Result "1/2-1/2"]
[WhiteElo "2594"]
[BlackElo "2421"]
[PlyCount "46"]
[EventDate "2014.03.01"]

1. d4 d5 2. c4 c6 3. Nc3 Nf6 4. Nf3 dxc4 5. a4 e6 6. e4 Bb4 7. e5 Nd5 8. Bd2 b5
9. h4 Be7 10. Rh3 b4 11. Ne4 c3 12. bxc3 bxc3 13. Nxc3 Nxc3 14. Bxc3 Ba6 15.
Rg3 g6 16. Qd2 Qd5 17. Bxa6 Nxa6 18. Qe2 Nb4 19. Kf1 c5 20. dxc5 Qxc5 21. Bxb4
Qxb4 22. Qb5+ Qxb5+ 23. axb5 Bc5 1/2-1/2

[Event "First Saturday GM March 2014"]
[Site "Budapest"]
[Date "2014.03.04"]
[Round "3.3"]
[White "Benkovic, Petar"]
[Black "Farago, Ivan"]
[Result "1/2-1/2"]
[WhiteElo "2434"]
[BlackElo "2462"]
[PlyCount "45"]
[EventDate "2014.03.01"]

1. Nf3 Nf6 2. g3 d5 3. Bg2 c6 4. d3 Bg4 5. Nbd2 e6 6. h3 Bh5 7. O-O Be7 8. g4
Bg6 9. Nh4 Nbd7 10. e3 Nf8 11. f4 N6d7 12. Nxg6 Nxg6 13. Nf3 Qb6 14. a4 a5 15.
Kh1 O-O 16. Qe1 f5 17. g5 e5 18. h4 Bd6 19. h5 Ne7 20. d4 e4 21. Ng1 Qc7 22.
Bd2 b5 23. Rf2 1/2-1/2

[Event "First Saturday GM March 2014"]
[Site "Budapest"]
[Date "2014.03.04"]
[Round "3.4"]
[White "Kantor, Gergely"]
[Black "Korley, Kassa"]
[Result "1-0"]
[WhiteElo "2348"]
[BlackElo "2352"]
[PlyCount "53"]
[EventDate "2014.03.01"]

1. d4 Nf6 2. c4 e6 3. Nf3 d5 4. Nc3 Nbd7 5. cxd5 exd5 6. Bf4 c6 7. e3 Be7 8. h3
Nb6 9. Bd3 O-O 10. Qc2 Nc4 11. Ne5 Be6 12. g4 h6 13. O-O-O Qa5 14. g5 hxg5 15.
Bxg5 Rfe8 16. Rdg1 Kf8 17. Bxc4 dxc4 18. f4 Bb4 19. f5 Bd5 20. Nxd5 cxd5 21. a3
Bd6 22. Bf4 Ne4 23. Qg2 Rxe5 24. dxe5 Bxa3 25. Qxg7+ Ke8 26. e6 fxe6 27. fxe6
1-0

[Event "First Saturday GM March 2014"]
[Site "Budapest"]
[Date "2014.03.04"]
[Round "3.5"]
[White "Hujbert, Florian"]
[Black "Havasi, Gergo"]
[Result "1/2-1/2"]
[WhiteElo "2456"]
[BlackElo "2274"]
[PlyCount "51"]
[EventDate "2014.03.01"]

1. d4 Nf6 2. c4 g6 3. Nf3 Bg7 4. g3 O-O 5. Bg2 d6 6. O-O Nc6 7. Nc3 a6 8. Bf4
h6 9. Qd3 Ng4 10. Rad1 g5 11. Bc1 e5 12. d5 Ne7 13. h3 Nf6 14. e4 Nh7 15. h4
Bg4 16. hxg5 Nxg5 17. Nh4 Bxd1 18. Nxd1 f5 19. Bxg5 hxg5 20. Nxf5 Nxf5 21. exf5
Bf6 22. Ne3 Kg7 23. Qe4 b6 24. b3 a5 25. Rc1 Rh8 26. a4 1/2-1/2

[Event "First Saturday GM March 2014"]
[Site "Budapest"]
[Date "2014.03.05"]
[Round "4.1"]
[White "Wang, Puchen"]
[Black "Havasi, Gergo"]
[Result "1-0"]
[WhiteElo "2470"]
[BlackElo "2274"]
[PlyCount "71"]
[EventDate "2014.03.01"]

1. d4 Nf6 2. c4 g6 3. Nc3 Bg7 4. e4 d6 5. Be2 O-O 6. Bg5 Na6 7. f4 c6 8. Qd2
Nc7 9. Bf3 d5 10. Bxf6 Bxf6 11. cxd5 cxd5 12. e5 Bg7 13. Nge2 b6 14. g4 f5 15.
h3 Be6 16. Kf2 Qd7 17. Rag1 Kf7 18. Nd1 Ke8 19. Ne3 Bh6 20. g5 Bg7 21. Rc1 Kf7
22. Rxc7 Qxc7 23. Nxd5 Bxd5 24. Bxd5+ e6 25. Rc1 Qe7 26. Bxa8 Rxa8 27. d5 Qd7
28. d6 Rc8 29. Nd4 Rc5 30. b4 Rc8 31. Rxc8 Qxc8 32. Qc2 Qd7 33. b5 Ke8 34. Qc4
Kf7 35. Qc6 Ke8 36. Nxe6 1-0

[Event "First Saturday GM March 2014"]
[Site "Budapest"]
[Date "2014.03.05"]
[Round "4.2"]
[White "Korley, Kassa"]
[Black "Hujbert, Florian"]
[Result "1-0"]
[WhiteElo "2352"]
[BlackElo "2456"]
[PlyCount "141"]
[EventDate "2014.03.01"]

1. Nf3 c5 2. g3 b6 3. Bg2 Bb7 4. O-O Nf6 5. d3 e6 6. e4 d6 7. Nbd2 Be7 8. Re1
O-O 9. c3 Nc6 10. d4 d5 11. e5 Nd7 12. h4 cxd4 13. cxd4 Nb4 14. Nb1 a5 15. a3
Nc6 16. Nc3 Ba6 17. Bf4 Rc8 18. h5 h6 19. Bh3 Re8 20. Rc1 Nf8 21. Bf1 Bxf1 22.
Kxf1 Na7 23. Qd3 Qd7 24. g4 b5 25. g5 hxg5 26. Nxg5 b4 27. axb4 axb4 28. Ne2
Rxc1 29. Rxc1 Rc8 30. Ra1 Qb5 31. Qf3 Nc6 32. Kg2 f6 33. exf6 Bxf6 34. Qe3 Re8
35. Nf3 Ne7 36. Ng3 Nf5 37. Nxf5 exf5 38. Ra5 Qd7 39. Ne5 Bxe5 40. Bxe5 Qf7 41.
Qf3 Ne6 42. Rb5 Kh7 43. Rxb4 Rf8 44. Rb6 Ng5 45. Qd1 f4 46. Qg4 f3+ 47. Kh2 Qf5
48. Qg3 Rf7 49. Rg6 Ne4 50. Rxg7+ Kh6 51. Rxf7 Qxf7 52. Bf4+ Kh7 53. Qxf3 Qf6
54. Kg2 Qxd4 55. b3 Nc5 56. Bg5 Ne4 57. Qf7+ Kh8 58. Be3 Qe5 59. Qf8+ Kh7 60.
Qf7+ Kh8 61. h6 Nd6 62. Qf4 Qe7 63. Qd4+ Kh7 64. Qxd5 Qf6 65. Qg5 Qf7 66. Qg7+
Qxg7+ 67. hxg7 Kxg7 68. Kf3 Kf6 69. Kf4 Nb5 70. Ke4 Ke6 71. Bc5 1-0

[Event "First Saturday GM March 2014"]
[Site "Budapest"]
[Date "2014.03.05"]
[Round "4.3"]
[White "Farago, Ivan"]
[Black "Kantor, Gergely"]
[Result "1/2-1/2"]
[WhiteElo "2462"]
[BlackElo "2348"]
[PlyCount "30"]
[EventDate "2014.03.01"]

1. d4 d5 2. c4 c6 3. Nc3 Nf6 4. e3 e6 5. Nf3 Nbd7 6. Bd3 dxc4 7. Bxc4 b5 8. Be2
Bb7 9. O-O Be7 10. e4 b4 11. e5 bxc3 12. exf6 Bxf6 13. bxc3 c5 14. Rb1 Be4 15.
Bd3 Bxd3 1/2-1/2

[Event "First Saturday GM March 2014"]
[Site "Budapest"]
[Date "2014.03.05"]
[Round "4.4"]
[White "Korpa, Bence"]
[Black "Benkovic, Petar"]
[Result "1/2-1/2"]
[WhiteElo "2421"]
[BlackElo "2434"]
[PlyCount "93"]
[EventDate "2014.03.01"]

1. c4 e6 2. Nf3 Nf6 3. g3 d5 4. b3 Nc6 5. Bg2 d4 6. O-O Bc5 7. d3 O-O 8. Ba3
Bxa3 9. Nxa3 Qe7 10. Nc2 e5 11. b4 a5 12. b5 Nb8 13. e3 dxe3 14. Nxe3 Rd8 15.
Qc2 Nbd7 16. Rad1 Nf8 17. Rfe1 Ng6 18. d4 exd4 19. Nxd4 Qc5 20. Nb3 Qf8 21.
Rxd8 Qxd8 22. Qc3 a4 23. Nc5 Rb8 24. Nd5 Nxd5 25. Bxd5 c6 26. Bg2 cxb5 27. cxb5
h6 28. h4 a3 29. Qxa3 Qd6 30. Re8+ Kh7 31. h5 Ne5 32. Be4+ g6 33. hxg6+ Nxg6
34. Qc3 Qd1+ 35. Kh2 Qh5+ 36. Kg1 Qd1+ 37. Kg2 Bh3+ 38. Kxh3 Rxe8 39. Kg2 Qg4
40. f3 Qg5 41. Nd7 Ra8 42. a3 Qe7 43. Nf6+ Kh8 44. Ng4+ Kh7 45. Nf6+ Kh8 46.
Ng4+ Kh7 47. Nf6+ 1/2-1/2

[Event "First Saturday GM March 2014"]
[Site "Budapest"]
[Date "2014.03.05"]
[Round "4.5"]
[White "Kosic, Dragan"]
[Black "Turov, Maxim"]
[Result "1/2-1/2"]
[WhiteElo "2493"]
[BlackElo "2594"]
[PlyCount "22"]
[EventDate "2014.03.01"]

1. d4 Nf6 2. Nf3 g6 3. c4 Bg7 4. Nc3 d5 5. Bf4 O-O 6. e3 c5 7. dxc5 Qa5 8. Rc1
dxc4 9. Bxc4 Qxc5 10. Bb3 Nc6 11. O-O Qa5 1/2-1/2

[Event "First Saturday GM March 2014"]
[Site "Budapest"]
[Date "2014.03.06"]
[Round "5.1"]
[White "Turov, Maxim"]
[Black "Wang, Puchen"]
[Result "1-0"]
[WhiteElo "2594"]
[BlackElo "2470"]
[PlyCount "135"]
[EventDate "2014.03.01"]

1. d4 Nf6 2. c4 g6 3. Nc3 d5 4. cxd5 Nxd5 5. Na4 Bg7 6. e4 Nb6 7. Be3 O-O 8.
Nf3 Nxa4 9. Qxa4 c5 10. Rd1 Qb6 11. Rd2 cxd4 12. Nxd4 Bd7 13. Qa3 Qc7 14. Be2
Nc6 15. Nb5 Qc8 16. O-O Be6 17. Rfd1 Re8 18. Bf4 Be5 19. Bxe5 Nxe5 20. b3 Nc6
21. Qc5 Qb8 22. Nc3 Qe5 23. Qxe5 Nxe5 24. f4 Rac8 25. Nd5 Nc6 26. Ne3 Rcd8 27.
Bb5 Rxd2 28. Rxd2 Rd8 29. Rxd8+ Nxd8 30. Kf2 Bc8 31. Nd5 Kf8 32. e5 b6 33. g3
Bb7 34. Nc7 Nc6 35. Bxc6 Bxc6 36. e6 f5 37. Ke3 Kg7 38. Kd4 Kf6 39. h4 h6 40.
b4 g5 41. b5 Be4 42. fxg5+ hxg5 43. hxg5+ Kxg5 44. Nd5 Bxd5 45. Kxd5 Kg4 46.
Ke5 Kg5 47. Kd5 Kg4 48. Kc6 Kxg3 49. Kd7 f4 50. Kxe7 f3 51. Kd6 f2 52. e7 f1=Q
53. e8=Q Qc4 54. Qe3+ Kg2 55. Qd2+ Kf1 56. Qd5 Qc8 57. Qc6 Qf8+ 58. Kc7 Ke1 59.
Qc1+ Ke2 60. Qc2+ Ke3 61. Kb7 Qf7+ 62. Ka6 Kd4 63. Qb2+ Ke4 64. Qb4+ Ke5 65.
Qc3+ Ke4 66. a3 Qh5 67. Qc4+ Ke3 68. Kxa7 1-0

[Event "First Saturday GM March 2014"]
[Site "Budapest"]
[Date "2014.03.06"]
[Round "5.2"]
[White "Benkovic, Petar"]
[Black "Kosic, Dragan"]
[Result "1/2-1/2"]
[WhiteElo "2434"]
[BlackElo "2493"]
[PlyCount "22"]
[EventDate "2014.03.01"]

1. d4 d5 2. c4 e6 3. Nc3 c6 4. Nf3 Nf6 5. e3 Nbd7 6. Qc2 Bd6 7. Bd3 O-O 8. O-O
dxc4 9. Bxc4 a6 10. Rd1 Qe7 11. h3 b5 1/2-1/2

[Event "First Saturday GM March 2014"]
[Site "Budapest"]
[Date "2014.03.06"]
[Round "5.3"]
[White "Kantor, Gergely"]
[Black "Korpa, Bence"]
[Result "1/2-1/2"]
[WhiteElo "2348"]
[BlackElo "2421"]
[PlyCount "47"]
[EventDate "2014.03.01"]

1. d4 d5 2. c4 c6 3. Nf3 Nf6 4. e3 Bf5 5. Nc3 e6 6. Nh4 Be4 7. f3 Bg6 8. Qb3
Qc7 9. Bd2 Be7 10. g3 Nbd7 11. cxd5 cxd5 12. Rc1 Qb6 13. Qxb6 Nxb6 14. Nb5 Rc8
15. Nxg6 hxg6 16. Rxc8+ Nxc8 17. Bd3 a6 18. Nc3 Nb6 19. O-O Kd7 20. Ne2 Nc4 21.
Bc1 Rc8 22. b3 Na3 23. Bd2 Nc2 24. Rc1 1/2-1/2

[Event "First Saturday GM March 2014"]
[Site "Budapest"]
[Date "2014.03.06"]
[Round "5.4"]
[White "Hujbert, Florian"]
[Black "Farago, Ivan"]
[Result "1-0"]
[WhiteElo "2456"]
[BlackElo "2462"]
[PlyCount "117"]
[EventDate "2014.03.01"]

1. Nf3 Nf6 2. c4 c5 3. Nc3 Nc6 4. d4 cxd4 5. Nxd4 e6 6. a3 Be7 7. e4 O-O 8. Nf3
b6 9. Be2 Bb7 10. O-O Rc8 11. Bf4 Na5 12. Nd2 d5 13. cxd5 exd5 14. e5 Ne4 15.
Ncxe4 dxe4 16. b4 Nc6 17. Bg4 Ra8 18. Bf5 a5 19. b5 Nd4 20. Bxe4 Bxe4 21. Nxe4
Nxb5 22. Nd6 Nc7 23. Rb1 Rb8 24. Be3 Ne6 25. Qd5 b5 26. Rxb5 Nc7 27. Rxb8 Nxd5
28. Rxd8 Rxd8 29. Bc5 f6 30. Nb7 Rd7 31. Bxe7 Rxb7 32. Bd6 fxe5 33. Bxe5 Rb3
34. Rd1 Nb6 35. Bd4 Nc4 36. a4 Rb4 37. Ra1 Nb2 38. Bc3 Rb3 39. Be1 Nc4 40. Kf1
h6 41. Ke2 Kh7 42. Ra2 Kg8 43. h4 Kh7 44. h5 Kg8 45. g4 Kh7 46. Rc2 Nb6 47.
Bxa5 Nxa4 48. Rc7 Rb5 49. Bd2 Rc5 50. Ra7 Nc3+ 51. Kd3 Nd5 52. f3 Rc7 53. Ra5
Rd7 54. Ke2 Re7+ 55. Kf2 Rd7 56. Ke2 Re7+ 57. Kf2 Rd7 58. Bc1 Rc7 59. Bxh6 1-0

[Event "First Saturday GM March 2014"]
[Site "Budapest"]
[Date "2014.03.06"]
[Round "5.5"]
[White "Havasi, Gergo"]
[Black "Korley, Kassa"]
[Result "1-0"]
[WhiteElo "2274"]
[BlackElo "2352"]
[PlyCount "61"]
[EventDate "2014.03.01"]

1. e4 e5 2. Nf3 Nc6 3. Bb5 Nf6 4. d3 Bc5 5. O-O d6 6. c3 O-O 7. Nbd2 a5 8. h3
Na7 9. Ba4 b5 10. Bc2 Nc6 11. Re1 a4 12. a3 Bb6 13. Nf1 Na5 14. Ng3 h6 15. Be3
Bxe3 16. fxe3 g6 17. Rf1 Kg7 18. Qe2 Be6 19. Rf2 Nd7 20. Raf1 Nc5 21. Kh2 Ncb3
22. Ng1 c5 23. Qe1 Rc8 24. Rf3 Qg5 25. Nf5+ Bxf5 26. exf5 e4 27. Rg3 Qd8 28.
Rg4 d5 29. f6+ Kh7 30. Qh4 Qd6+ 31. Kh1 1-0

[Event "First Saturday GM March 2014"]
[Site "Budapest"]
[Date "2014.03.08"]
[Round "6.1"]
[White "Wang, Puchen"]
[Black "Korley, Kassa"]
[Result "1-0"]
[WhiteElo "2470"]
[BlackElo "2352"]
[PlyCount "61"]
[EventDate "2014.03.01"]

1. d4 Nf6 2. c4 e6 3. g3 d5 4. Nf3 Be7 5. Bg2 O-O 6. O-O dxc4 7. Qc2 Nc6 8.
Qxc4 Qd5 9. Qd3 Nb4 10. Qd1 c5 11. a3 Nc6 12. Nc3 Qh5 13. dxc5 Bxc5 14. Bg5 Ng4
15. h3 Nge5 16. Nxe5 Nxe5 17. Ne4 Bb6 18. Be7 Re8 19. Bc5 Bxc5 20. Nxc5 Nf3+
21. exf3 Qxc5 22. f4 Qb6 23. Qa4 Kf8 24. Qc2 h6 25. Rad1 a5 26. Rd2 Kg8 27.
Rfd1 a4 28. Rd4 Qa5 29. Rb4 Qf5 30. Qc7 Ra5 31. Rd8 1-0

[Event "First Saturday GM March 2014"]
[Site "Budapest"]
[Date "2014.03.08"]
[Round "6.2"]
[White "Farago, Ivan"]
[Black "Havasi, Gergo"]
[Result "1-0"]
[WhiteElo "2462"]
[BlackElo "2274"]
[PlyCount "111"]
[EventDate "2014.03.01"]

1. d4 Nf6 2. c4 g6 3. Nc3 Bg7 4. e4 d6 5. Be2 O-O 6. Nf3 e5 7. O-O Nc6 8. d5
Ne7 9. b4 Ne8 10. a4 f5 11. a5 Nf6 12. Bg5 Nh5 13. Qd2 fxe4 14. Nxe4 Nf4 15.
Bd1 h6 16. Bxf4 Rxf4 17. Re1 Rf7 18. Rc1 Nf5 19. c5 a6 20. Ba4 Ne7 21. cxd6
cxd6 22. Rc4 Bf5 23. Rec1 Rc8 24. Ng3 Rxc4 25. Rxc4 Kh7 26. h4 b5 27. axb6 Qxb6
28. h5 g5 29. Nxf5 Nxf5 30. Bc2 Kg8 31. Rc6 Qd8 32. Bxf5 Rxf5 33. Qc2 Rf8 34.
Rxa6 g4 35. Nd2 g3 36. fxg3 Qg5 37. Ne4 Qxh5 38. Rxd6 Kh8 39. Rc6 Qf5 40. Qe2
Qd7 41. Rc5 Qa4 42. Qd2 Qb3 43. Kh2 Qb1 44. Qc2 Qxb4 45. Rc8 Qe7 46. d6 Qb7 47.
Rxf8+ Bxf8 48. Qd1 Qd7 49. Qd5 Bg7 50. Nc5 Qd8 51. d7 Bf6 52. Qf7 Qe7 53. Qe8+
Kh7 54. Ne4 Bh4 55. Kh3 Qg7 56. gxh4 1-0

[Event "First Saturday GM March 2014"]
[Site "Budapest"]
[Date "2014.03.08"]
[Round "6.3"]
[White "Korpa, Bence"]
[Black "Hujbert, Florian"]
[Result "1-0"]
[WhiteElo "2421"]
[BlackElo "2456"]
[PlyCount "57"]
[EventDate "2014.03.01"]

1. c4 e6 2. Nf3 Nf6 3. g3 d5 4. b3 d4 5. e3 c5 6. exd4 cxd4 7. Bg2 Nc6 8. O-O
Bd6 9. d3 h6 10. Bb2 e5 11. b4 O-O 12. c5 Bc7 13. b5 Ne7 14. Nbd2 Ng6 15. Nc4
Be6 16. Re1 Bxc4 17. dxc4 Nd7 18. Ba3 Ba5 19. Nd2 Bc3 20. c6 bxc6 21. bxc6 Nb6
22. Bxf8 Qxf8 23. Rb1 Qa3 24. c5 Qxc5 25. Ne4 Qc4 26. Nxc3 dxc3 27. Qc2 Rd8 28.
Re3 Na4 29. Bf1 1-0

[Event "First Saturday GM March 2014"]
[Site "Budapest"]
[Date "2014.03.08"]
[Round "6.4"]
[White "Kosic, Dragan"]
[Black "Kantor, Gergely"]
[Result "1/2-1/2"]
[WhiteElo "2493"]
[BlackElo "2348"]
[PlyCount "75"]
[EventDate "2014.03.01"]

1. d4 Nf6 2. Bg5 d5 3. e3 c5 4. Bxf6 gxf6 5. dxc5 e6 6. Nc3 Bxc5 7. Qh5 Qe7 8.
O-O-O Nc6 9. Nge2 a6 10. Nf4 Bd7 11. Ncxd5 exd5 12. Nxd5 Qe5 13. Qxe5+ Nxe5 14.
Nxf6+ Ke7 15. Nxd7 Nxd7 16. Rd5 Bd6 17. Be2 Nf6 18. Rf5 Rac8 19. Rd1 Rhd8 20.
Bf3 Rc7 21. g3 b6 22. Be2 a5 23. Rd4 Rc5 24. Rxc5 Bxc5 25. Rh4 Rd5 26. Bd3 h5
27. h3 Rg5 28. Kd2 Bd6 29. Ke2 Nd7 30. Kf1 Rc5 31. c3 Kf6 32. a4 Rd5 33. Ke2
Rg5 34. Bb5 Bc5 35. Rc4 Re5 36. Bc6 Bd6 37. b4 axb4 38. cxb4 1/2-1/2